000 00530nam a2200229Ia 4500
003 OSt
005 20220912150154.0
006 a|||||r|||| 00| 0
007 ta
008 220909b |||||||| |||| 00| 0 eng d
024 _a23129
037 _cTextual
040 _aCSL
_beng
_cCSL
041 _aeng
082 _aX:51-8, M4
100 _aBonoma T V
245 0 _aManaging Marketing
260 _c1984
300 _axxii,522p.
_ccm.
942 _hX:51-8, M4
_cTEXL
_2CC
999 _c41188
_d41188